| 000 | 00615cam a22001457a 4500 | ||
|---|---|---|---|
| 008 | 180718b2011 xxu||||| |||| 00| 0 eng d | ||
| 082 | _aAPPPA 2010-11/LAM | ||
| 100 | _aLamba, Gurcharan SIngh | ||
| 245 |
_aPublic- private partnership for development of tele-communication infrastructure in remote border areas of India _cby Gurcharan Singh Lamba |
||
| 260 |
_aNew Delhi _bIndian Institute of Public Administration _c2011 |
||
| 300 | _a98p. | ||
| 500 | _aAn APPPA M.Phil dissertation, 2010-11 (Guide: Prof. Nand Dhameja) | ||
| 650 | _aTelecommunication --India | ||
| 650 | _aPublic-private sector cooperation --India | ||
| 999 |
_c502349 _d502349 |
||